000 00581nam a22001817a 4500
005 20251108172027.0
008 250721s1984 xx 000 0 ara d
082 1 4 _a839.82/أبس
100 1 _aابسن، هنريك
245 1 0 _aالسيدة القادمة من البحر :
_bحورية من البحر /
264 1 _aعمان :
_bدار النسر للنشر و التوزيع،
_c1984.
300 _a119ص
650 1 7 _aالمسرحيات العالمية
650 1 7 _aالنرويج
700 1 _aنصار، عزت
_eترجمة
942 _2ddc
_cBK
999 _c68607
_d68607